Traveling Song Lyrics Click Quiz - Statistics

General Stats
  • This quiz has been taken 232 times
    231 since last reset
  • The average score is 7 of 15
Answer Stats
Hint Answer % Correct
I walk a lonely road the only road that I have ever known Boulevard of Broken Dreams
81%
All my bags are packed I'm ready to go Leaving on a Jet Plane
69%
Callin' out around the world are you ready for a brand new beat Dancing in the Street
68%
I used to think maybe you loved me now baby I'm sure
And I just can't wait till the day when you knock on my door
Walking on Sunshine
51%
Holly came from Miami F.L.A. Hitchhiked her way across the USA Take a Walk on the Wildside
50%
When are you gonna come down? When are you gonna land?
I should have stayed on the farm. I should have listened to my old man
Goodbye Yellow Brick Road
49%
I want to run I want to hide, I wanna tear down the walls that hold me inside Where the Streets Have No Name
47%
In the middle of the night I go walking in my sleep River of Dreams
46%
Life's like a road you travel on when there one day here and the next day gone Life is a Highway
45%
Livin' easy lovin' free season ticket on a one way ride Highway to Hell
38%
Now in the streets there is violence and a lots of work to be done
No place to hang out our washin' and I can't blame it all on the sun
Electric Avenue
34%
I used to ride with a vending machine repairman. He said he's been down this road more than twice. Everyday is a Winding Road
33%
So, you think you're a Romeo, playing a part in a picture show Take the Long Way Home
31%
Far. We've been traveling far. Without a home. But not without a star America
24%
Chewing on a piece of grass, walking down the road, tell me how long you gonna stay here Joe? Ventura Highway
20%
No matching quizzes found
Score Distribution
Percent of People with Each Score
Percentile by Number Answered
Your Score History
You have not taken this quiz since the last reset